El papel de las ONGs internacionales en los conflictos armados internos, caso Colombia / (Registro nro. 49600)

Detalles MARC
000 -LEADER
fixed length control field 01095nam a2200265 4500
001 - CONTROL NUMBER
control field 0000021289
003 - CONTROL NUMBER IDENTIFIER
control field CO-CtgCURN
005 - DATE AND TIME OF LATEST TRANSACTION
control field 20250825223112.0
008 - FIXED-LENGTH DATA ELEMENTS--GENERAL INFORMATION
fixed length control field 160627s2003 000 0 eng d
020 ## - INTERNATIONAL STANDARD BOOK NUMBER
International Standard Book Number 9589723705
040 ## - CATALOGING SOURCE
Original cataloging agency CO-CtgCURN
Language of cataloging spa
Transcribing agency coctgcurn
082 0# - DEWEY DECIMAL CLASSIFICATION NUMBER
Classification number 341.523
Item number S153p
100 1# - MAIN ENTRY--PERSONAL NAME
Personal name Sandoval Robayo, Mary Luz.
245 13 - TITLE STATEMENT
Title El papel de las ONGs internacionales en los conflictos armados internos, caso Colombia /
Statement of responsibility, etc. Mary Sandoval Robayo.
260 ## - PUBLICATION, DISTRIBUTION, ETC.
Place of publication, distribution, etc. Bogotá :
Name of publisher, distributor, etc. Universidad Libre,
Date of publication, distribution, etc. 2003.
300 ## - PHYSICAL DESCRIPTION
Extent 458 p.
336 ## - CONTENT TYPE
Source rdacontent
337 ## - MEDIA TYPE
Source rdamedia
Media type term sin mediacion
Media type code n
338 ## - CARRIER TYPE
Source rdacarrier
Carrier type term volumen
Carrier type code nc
505 8# - FORMATTED CONTENTS NOTE
Formatted contents note Contenido: Aproximacion sociojuridica.--Historia de las ONGs Internacionales.--Humanitarismo versus liberalismo.--La expansion de los conflictos.--Las paradojas actuales de la asistencia humanitaria.--El perfil d ela ONGs en Colombia
650 #0 - SUBJECT ADDED ENTRY--TOPICAL TERM
Topical term or geographic name entry element Organizaciones no
Form subdivision Gubernamentales.
908 ## - PUT COMMAND PARAMETER (RLIN)
Put command parameter 160627
942 ## - ADDED ENTRY ELEMENTS (KOHA)
Koha item type Libros
Classification part 341.523
Item part S153p
Source of classification or shelving scheme Dewey Decimal Classification
999 ## - SYSTEM CONTROL NUMBERS (KOHA)
-- 1
Existencias
Withdrawn status Lost status Source of classification or shelving scheme Damaged status Not for loan Home library Current library Shelving location Date acquired Total checkouts Full call number Barcode Date last seen Price effective from Koha item type
    Dewey Decimal Classification     Miguel Henríquez Castañeda Miguel Henríquez Castañeda General 03/04/2019   341.523 S153p 003671 03/04/2019 03/04/2019 Libros